Sports Quiz

Random Sports or NBA Quiz

10-11 NBA Team Assists Leader Quiz Stats

 Plays Quiz not verified by Sporcle

Support Sporcle.
Go Orange.
Score 0/30 Timer 06:00
0 Plays Today
Teams Players % Correct
CelticsRajon Rondo
97.2%
HeatLeBron James
96.8%
HornetsChris Paul
94%
SunsSteve Nash
92.9%
BullsDerrick Rose
91.7%
MavsJason Kidd
90.9%
ClippersMo Williams
90.9%
NetsDeron Williams
90.9%
ThunderRussell Westbrook
90.9%
SpursTony Parker
88.9%
LakersKobe Bryant
88.5%
WarriorsStephen Curry
87.3%
KnicksChauncey Billups
84.1%
WizardsJohn Wall
83.7%
MagicJameer Nelson
82.1%
Teams Players % Correct
HawksJoe Johnson
81.7%
BucksBrandon Jennings
81%
NuggetsRaymond Felton
77%
TrailblazersAndre Miller
76.2%
GrizzliesMike Conley
75%
KingsTyreke Evans
73.4%
PistonsRodney Stuckey
72.2%
RaptorsJose Calderon
71.4%
JazzDevin Harris
71%
CavsBaron Davis
70.2%
PacersDarren Collison
62.7%
BobcatsD.J. Augustin
62.3%
76ersJrue Holiday
61.1%
RocketsKyle Lowry
54.4%
TimberwolvesLuke Ridnour
44.4%

You're not logged in!

Compare scores with friends on all Sporcle quizzes.
OR
Log In

From the Vault

Top 20 Cities of Russia on a Map

by davidr

In Soviet Russia, the quiz takes you.
Remove Ads.
Support Sporcle.
Get the best of Sporcle when you Go Orange. This ad-free experience offers more features, more stats, and more fun while also helping to support Sporcle. Thank you for becoming a member.

Show Comments

Extras

Created Feb 28, 2011ReportNominate
Tags:Basketball Quiz, NBA Quiz, team

Top Quizzes Today


Score Distribution

Your Account Isn't Verified!

In order to create a playlist on Sporcle, you need to verify the email address you used during registration. Go to your Sporcle Settings to finish the process.

Report this User

Report this user for behavior that violates our Community Guidelines.

Details: